| 000 | 00777nam a2200229Ia 4500 | ||
|---|---|---|---|
| 001 | 16899 | ||
| 003 | GE_BSU | ||
| 008 | 181216s||||||||xx |||||||||||||| ||und|| | ||
| 040 | _cGE_BSU | ||
| 080 | _a821.161.1-32 + 821.161.1-31 | ||
| 100 | _aტოლსტოი, ალექსი | ||
| 245 | _aმოთხრობები. კოჭლი ბატონი | ||
| 245 | _bრომანი | ||
| 245 | _cმთარგმნ.: რ. ქებულაძე. რედ.ე.კეჭაღმაძე | ||
| 260 | _aთბილისი | ||
| 260 | _bმერანი | ||
| 260 | _c1976 | ||
| 300 | _a447გვ. ; 20სმ. | ||
| 653 | _aმოთხრობა | ||
| 653 | _aმოთხრობები. კოჭლი ბატონი | ||
| 942 | _cBK | ||
| 999 |
_c49963 _d49963 |
||